[Event "Scarborough CC-ch reserves op"]
[Site "Toronto"]
[Date "2009.03.05"]
[Round "2"]
[White "Ferreira, Alex"]
[Black "Perez, Michael"]
[Result "1/2-1/2"]
[WhiteElo "2062"]
[BlackElo "1790"]
[PlyCount "105"]
[EventDate "2009.02.26"]
[EventType "swiss"]
[EventRounds "9"]
[EventCountry "CAN"]
[SourceTitle "EXT 2011"]
[Source "ChessBase"]
[SourceDate "2010.11.26"]
[SourceVersion "1"]
[SourceVersionDate "2010.11.26"]
[SourceQuality "1"]

1. c4 Nf6 2. Nc3 g6 3. e4 d6 4. f4 c5 5. Nf3 Nc6 6. Be2 Bg4 7. d3 Bxf3 8. Bxf3 Nd4 9. e5 dxe5 10. fxe5 Nd7 11. Bf4 e6 12. Ne4 Qa5+ 13. b4 Qxb4+ 14. Bd2 Qa3 15. Bc3 Nxe5 16. Bxd4 Nxd3+ 17. Ke2 Nf4+ 18. Kf2 cxd4 19. Nf6+ Ke7 20. Qxd4 Nd3+ 21. Ke2 Qb2+ 22. Kxd3 Qxd4+ 23. Kxd4 Kxf6 24. Bxb7 Rd8+ 25. Ke4 Bc5 26. Rhf1+ Kg7 27. Rad1 h5 28. a4 a5 29. h3 f6 30. Bc6 Kf7 31. Kf3 Ke7 32. Rfe1 Rd4 33. Rxd4 Bxd4 34. Rd1 e5 35. Rb1 Ke6 36. Bd5+ Kf5 37. Rb5 Bc3 38. h4 g5 39. Be4+ Ke6 40. Rb6+ Ke7 41. hxg5 fxg5 42. Bf5 Rf8 43. Ke4 Rd8 44. Be6 Rd6 45. Rxd6 Kxd6 46. Bf7 h4 47. Kf5 Bd2 48. c5+ Kxc5 49. Kxe5 Kb4 50. Be8 Kc4 51. Ke4 Bf4 52. Kf3 Kd4 53. Bd7 1/2-1/2

[Event "Toronto Howard Ridout Swiss"]
[Site "Toronto"]
[Date "2007.10.18"]
[Round "6"]
[White "Perez, Michael"]
[Black "Armstrong, Robert J"]
[Result "0-1"]
[WhiteElo "1726"]
[BlackElo "1708"]
[PlyCount "52"]
[EventDate "2007.09.13"]
[EventType "swiss"]
[EventRounds "7"]
[EventCountry "CAN"]
[SourceTitle "EXT 2022"]
[Source "ChessBase"]
[SourceDate "2021.10.06"]
[SourceVersion "1"]
[SourceVersionDate "2021.10.06"]
[SourceQuality "1"]

1. e4 g6 2. d4 Bg7 3. f4 d6 4. Bc4 Nf6 5. e5 dxe5 6. fxe5 Nd5 7. Nf3 0-0 8. 0-0 Nc6 9. Ng5 Na5 10. Nxf7 Rxf7 11. Rxf7 Kxf7 12. Qf3+ Kg8 13. Qxd5+ Qxd5 14. Bxd5+ Kf8 15. Bd2 c6 16. Bxa5 cxd5 17. Nc3 Be6 18. Nb5 Rc8 19. c3 b6 20. Bb4 a5 21. Rf1+ Ke8 22. Ba3 Bd7 23. c4 Rxc4 24. b3 Rc2 25. Nd6+ exd6 26. Bxd6 Rxa2 0-1

[Event "Toronto Howard Ridout Swiss"]
[Site "Toronto"]
[Date "2007.10.11"]
[Round "5"]
[White "Deiseach, Donald"]
[Black "Perez, Michael"]
[Result "1/2-1/2"]
[WhiteElo "1906"]
[BlackElo "1726"]
[PlyCount "56"]
[EventDate "2007.09.13"]
[EventType "swiss"]
[EventRounds "7"]
[EventCountry "CAN"]
[SourceTitle "EXT 2022"]
[Source "ChessBase"]
[SourceDate "2021.10.06"]
[SourceVersion "1"]
[SourceVersionDate "2021.10.06"]
[SourceQuality "1"]

1. e4 c5 2. Nf3 d6 3. d4 cxd4 4. Nxd4 Nf6 5. Nc3 g6 6. Be2 Bg7 7. 0-0 Nc6 8. Be3 Bd7 9. Kh1 h5 10. f4 Ng4 11. Bg1 Rc8 12. f5 Nce5 13. Nd5 e6 14. fxe6 fxe6 15. Nf4 Qe7 16. Nb5 0-0 17. Nxd6 Nc6 18. Nb5 a6 19. Nd4 Nce5 20. c3 Bh6 21. Nh3 Nf6 22. Qc2 Rfd8 23. Rad1 Neg4 24. Nf4 Bxf4 25. Rxf4 e5 26. Qb3+ Kh7 27. Nf5 Bxf5 28. Rxd8 Qxd8 1/2-1/2

[Event "Scarborough CC Early Summer Swiss"]
[Site "Toronto"]
[Date "2007.05.17"]
[Round "2"]
[White "Deiseach, Donald"]
[Black "Perez, Michael"]
[Result "1-0"]
[WhiteElo "1952"]
[BlackElo "1697"]
[PlyCount "92"]
[EventDate "2007.05.10"]
[EventType "swiss"]
[EventRounds "8"]
[EventCountry "CAN"]
[SourceTitle "EXT 2022"]
[Source "ChessBase"]
[SourceDate "2021.10.06"]
[SourceVersion "1"]
[SourceVersionDate "2021.10.06"]
[SourceQuality "1"]

1. e4 c5 2. Nf3 d6 3. d4 cxd4 4. Nxd4 g6 5. c4 Bg7 6. Nc3 Nf6 7. Be2 0-0 8. 0-0 Nc6 9. Be3 Ne5 10. h3 Be6 11. b3 Qd7 12. f4 Nc6 13. Qd2 Bxh3 14. gxh3 Qxh3 15. Rf2 Ng4 16. Bxg4 Qxg4+ 17. Rg2 Qh3 18. Rd1 e5 19. Nde2 exf4 20. Nxf4 Qf3 21. Rf1 Qxe3+ 22. Qxe3 Bd4 23. Re2 a6 24. Kg2 Bxe3 25. Rxe3 Rfe8 26. Ncd5 Re5 27. Nd3 Rg5+ 28. Kh3 Ne5 29. N3f4 h5 30. Rg3 Rxg3+ 31. Kxg3 Kg7 32. Rd1 b5 33. Nd3 bxc4 34. Nxe5 dxe5 35. bxc4 Rd8 36. c5 Rc8 37. Rc1 Rc6 38. Nb4 Rc8 39. c6 f5 40. exf5 gxf5 41. c7 Kf6 42. Nd5+ Kf7 43. Nb6 Rg8+ 44. Kh4 e4 45. c8Q Rxc8 46. Rxc8 a5 1-0

[Event "Scarborough CC Early Summer Swiss"]
[Site "Toronto"]
[Date "2007.05.10"]
[Round "1"]
[White "Pratt, Kyle"]
[Black "Perez, Michael"]
[Result "0-1"]
[WhiteElo "1662"]
[BlackElo "1697"]
[PlyCount "62"]
[EventDate "2007.05.10"]
[EventType "swiss"]
[EventRounds "8"]
[EventCountry "CAN"]
[SourceTitle "EXT 2022"]
[Source "ChessBase"]
[SourceDate "2021.10.06"]
[SourceVersion "1"]
[SourceVersionDate "2021.10.06"]
[SourceQuality "1"]

1. e4 c5 2. Nf3 d6 3. d4 cxd4 4. Nxd4 g6 5. Be3 Bg7 6. Nc3 Nf6 7. Be2 0-0 8. Qd2 Ng4 9. Bxg4 Bxg4 10. f3 Bd7 11. Bh6 Nc6 12. Bxg7 Kxg7 13. 0-0-0 Rc8 14. g4 Ne5 15. h4 Nc4 16. Qh2 Qb6 17. Nb3 Qe3+ 18. Kb1 Qxf3 19. h5 g5 20. h6+ Kh8 21. Nd4 Qxg4 22. Rdg1 Qf4 23. Qh5 Nd2+ 24. Ka1 f6 25. Nde2 Qe5 26. Rd1 Nc4 27. Rd5 Qe6 28. Nd4 Qf7 29. Qxf7 Rxf7 30. Nf5 Rc6 31. Rb5 Rb6 0-1

[Event "Scarborough CC Spring Swiss"]
[Site "Toronto"]
[Date "2007.03.15"]
[Round "1"]
[White "Dattani, Dinesh"]
[Black "Perez, Michael"]
[Result "0-1"]
[WhiteElo "1376"]
[BlackElo "1673"]
[PlyCount "52"]
[EventDate "2007.03.15"]
[EventType "swiss"]
[EventRounds "8"]
[EventCountry "CAN"]
[SourceTitle "EXT 2022"]
[Source "ChessBase"]
[SourceDate "2021.10.06"]
[SourceVersion "1"]
[SourceVersionDate "2021.10.06"]
[SourceQuality "1"]

1. d4 d5 2. c4 e6 3. Nf3 Nf6 4. e3 g6 5. Bd3 Bg7 6. Nc3 0-0 7. 0-0 Nbd7 8. b3 b6 9. Ne5 Nxe5 10. dxe5 Ne8 11. f4 d4 12. Ne4 Bb7 13. Ba3 c5 14. Nxc5 bxc5 15. Bxc5 dxe3 16. Bxf8 Bxf8 17. a3 Qd4 18. Be2 Qb2 19. Qd3 Rd8 20. Qxe3 Rd2 21. Bf3 Bc5 22. Qxc5 Bxf3 23. Qf2 Rxf2 24. Rxf2 Qxa1+ 25. Rf1 Qd4+ 26. Rf2 Bd1 0-1

[Event "Scarborough CC-ch reserves"]
[Site "Toronto"]
[Date "2007.02.08"]
[Round "6"]
[White "Perez, Michael"]
[Black "Roe, Jim"]
[Result "1/2-1/2"]
[WhiteElo "1673"]
[BlackElo "1560"]
[PlyCount "98"]
[EventDate "2007.01.04"]
[EventType "swiss"]
[EventRounds "9"]
[EventCountry "CAN"]
[SourceTitle "EXT 2022"]
[Source "ChessBase"]
[SourceDate "2021.10.06"]
[SourceVersion "1"]
[SourceVersionDate "2021.10.06"]
[SourceQuality "1"]

1. d4 d5 2. c4 e6 3. Nf3 Nf6 4. Nc3 Be7 5. e3 0-0 6. b3 Nbd7 7. Bd3 c5 8. 0-0 b6 9. Bb2 cxd4 10. exd4 Bb7 11. Re1 Bd6 12. Ne5 g6 13. Qd2 Kg7 14. Bc1 Ng8 15. Qe3 Bxe5 16. dxe5 Nc5 17. Nb5 Bc6 18. Nd6 Nb7 19. Ba3 Nxd6 20. exd6 Qd7 21. Rad1 Rae8 22. h4 f6 23. Qg3 Rf7 24. Bb2 e5 25. cxd5 Bxd5 26. Bxg6 hxg6 27. Rxd5 Ne7 28. Rdd1 Nf5 29. Qg4 Nxd6 30. Qxd7 Rxd7 31. Rd5 Kf7 32. Red1 Ke6 33. Ba3 Red8 34. g3 Ne4 35. Rxd7 Rxd7 36. Rxd7 Kxd7 37. Bb4 Ke6 38. Kg2 Kd5 39. g4 Ke6 40. h5 gxh5 41. f3 Ng5 42. gxh5 Kf5 43. Bd6 Kf4 44. h6 Nh7 45. b4 b5 46. Bc5 a6 47. Kf2 Kf5 48. Kg3 Ng5 49. a3 Nh7 1/2-1/2

[Event "Scarborough CC-ch reserves"]
[Site "Toronto"]
[Date "2007.01.11"]
[Round "2"]
[White "Xia, Linda"]
[Black "Perez, Michael"]
[Result "0-1"]
[WhiteElo "1205"]
[BlackElo "1653"]
[PlyCount "104"]
[EventDate "2007.01.04"]
[EventType "swiss"]
[EventRounds "9"]
[EventCountry "CAN"]
[SourceTitle "EXT 2022"]
[Source "ChessBase"]
[SourceDate "2021.10.06"]
[SourceVersion "1"]
[SourceVersionDate "2021.10.06"]
[SourceQuality "1"]

1. d4 d5 2. c4 e6 3. cxd5 exd5 4. Nc3 Nf6 5. Nf3 c6 6. Bf4 Bd6 7. Bxd6 Qxd6 8. e3 Bg4 9. Be2 Nbd7 10. 0-0 0-0 11. Qb3 Rab8 12. a4 Rfe8 13. Qa3 Qxa3 14. Rxa3 Ne4 15. a5 Bxf3 16. Bxf3 Nd2 17. Rfa1 Nc4 18. Rb3 f5 19. Nxd5 Nd2 20. Rb4 Nxf3+ 21. gxf3 cxd5 22. Rb5 Nf6 23. Rc5 Rec8 24. b4 Rxc5 25. bxc5 Kf7 26. a6 Ke7 27. Rb1 Nd7 28. axb7 Kd8 29. c6 Nb6 30. Rb5 Kc7 31. Rc5 a5 32. Rxa5 Kxc6 33. Kg2 Rxb7 34. Kg3 g5 35. h4 h6 36. f4 g4 37. h5 Nc4 38. Rc5+ Kd6 39. Rc8 Nd2 40. Rh8 Ne4+ 41. Kg2 Rb2 42. Rxh6+ Ke7 43. Rg6 Rxf2+ 44. Kg1 Rf3 45. h6 Rxe3 46. h7 Rh3 47. Rg7+ Kf6 48. Ra7 Kg6 49. Rd7 Nf6 50. Rd6 Rxh7 51. Kg2 Rh3 52. Kf2 Rf3+ 0-1